00452nam a22001577a 4500003000500000005001700005008004100022020001800063040000600081082001400087100004100101245006500142260003100207300001000238650004600248CEME20210628210707.0210211b xxu||||| |||| 00| 0 eng d a0-7821-2372-4 c. a005.3 LIT aGilbert, Mike Getz, Ken Litwin, Paul aAccess 2000 developer's handbook volume:2 enterprise edition aSAN FRANCISCObSYBEXc2000 a1093P aMICROSOFT ACCESS 2000-DEVELOPERS HANDBOOK